Super Bowl Winning QB and US President Quiz Stats

 Plays Quiz Updated Oct 17, 2019

Score 0/12 Timer 06:00
0 Plays Today
Category College/QB/President % Correct
#1University of Michigan
84.8%
#1Tom Brady
79.2%
#1Gerald Ford
75.2%
#3Stanford University
63.8%
#3John Elway and Jim Plunkett
55.7%
#2Jimmy Carter
50.2%
#2Navy
47.3%
#2Roger Staubach
43.6%
#4Miami University
39.5%
#3Herbert Hoover
37.9%
#4Ben Roethlisberger
31.4%
#4Benjamin Harrison
26.3%

You're not logged in!

Compare scores with friends on all Sporcle quizzes.
OR
Log In

Sporcle TV

Today on Sporcle TV


Watch our educational content, quiz creation guides, and fun videos on Sporcle TV.

Show Comments

Extras

Top Quizzes Today


Score Distribution

Your Account Isn't Verified!

In order to create a playlist on Sporcle, you need to verify the email address you used during registration. Go to your Sporcle Settings to finish the process.

Report this User

Report this user for behavior that violates our Community Guidelines.

Details: